01611cam a22003375a 4500999001700000003000900017005001700026008004100043017001400084020001500098040004300113082002600156100007500182245006900257264008700326300003000413336002600443337003500469338002900504490007000533590003200603650005700635651001000692653002300702655002400725942003000749952012500779952013700904952011101041952012101152 c12730d12730EG-ScBUE20210214142138.0090831s1998 ua f 000 f ara d a1998/9604 a9770158259 aEG-ScBUEbaraerdacEG-ScBUEdEG-ScBUE04a892.736bم ج ي2221 aعبد المجيد، إبراهيم،‏d1946-eمؤلف.92706810aقناديل البحر /cإبراهيم عبد المجيد. 1aالقاهرة :bالهيئة المصرية العامة للكتاب،c1998. a106 صفحة ؛c22 سم. 2rdacontentaنصbtxt 2rdamediaaبدون وسيطbn 2rdacarrieraمجلدbnc0 aمكتبة الأسرة.aالأعمال الإبداعية amustafa galal. doaa mohamed 7aالقصص العربيةzمصرyقرن 20.2BUEsh 2BUEsh bARALITcAugust2015 vReading book934232 2ddccBBk892.736 ا ل م 00102ddc40708Alef-BaaaMAINbMAINc2NDd2009-08-31o892.736 م ج يp000018171r2025-07-15 00:00:00s2010-02-04yBB 00102ddc40708Alef-BaaaMAINbMAINc2NDd2009-08-31o892.736 م ج يp000018172q2020-10-03r2020-03-18 00:00:00s2020-03-18yBB 00102ddc40708BaccahaMAINbMAINc2NDd2010-06-24o892.736 م ج يp000020767r2025-07-15 00:00:00yBB 00102ddc40708BaccahaMAINbMAINc2NDd2010-06-24ePurchaseo892.736 م ج يp000020768r2025-07-15 00:00:00yBB